Star Wars Wszystkie filmy i seriale - Statystyki

Ogólne statystyki
  • Ten quiz został rozwiązany 282 razy
  • Średni wynik to 11 z 17
Statystyki odpowiedzi
Hint Odpowiedź % Poprawnych
2005 Zemsta Sithów
88%
1980 Imperium kontratakuje
87%
1999 Mroczne widmo
87%
1977 Nowa nadzieja
87%
2002 Atak klonów
84%
1983 Powrót Jedi
84%
2019 The Mandaloria
77%
2017 Ostatni Jedi
77%
2015 Przebudzenie Mocy
77%
2019 Skywalker Odrodzenie
68%
2016 łotr 1
61%
2023 Ahsoka
55%
2022 Andor
51%
2022 Obi-Wan Kenobi
50%
2021 Księga Boby Feta
18%
2024 Acolite
11%
2018 Hana Solo
3%
Nie znaleziono quizów pasujących do podanych kryteriów
Rozkład punktacji
Procent ludzi z każdym wynikiem
Percentyl według liczby udzielonych odpowiedzi
Twoja historia wyników
Nie rozwiązałeś tego quizu